Napoléon ou Napoléon III - Statistiques

Statistiques générales
  • Ce quiz a été pris 310 fois
    304 depuis la dernière actualisation
  • Le résultat moyen est 18 sur 20
Statistiques - réponses
Question Réponse % Correct
Est l'initiateur du code civil Napoléon
99%
A remporté le plus de victoires militaires Napoléon
97%
A vendu la Louisiane Napoléon
97%
Est né en Corse Napoléon
97%
Est décédé à Chislehurst NapoléonIII
95%
A ordonné la construction de l'arc de Thriomphe Napoléon
94%
A rétabli l'esclavage Napoléon
93%
Sous son règne la France a connu une grande révolution industrielle NapoléonIII
93%
A considérablement transformé Paris avec le baron Haussmann NapoléonIII
93%
Est entérré aux Invalides Napoléon
92%
S'est exilé en Grande Bretagne NapoléonIII
89%
A abdiqué a la suite de la guerre entre la France et la Prusse NapoléonIII
87%
A participé à la guerre de Crimée NapoléonIII
87%
A nommé 26 maréchaux au total Napoléon
86%
S'est vu adressé de nombreux pamphlets par Victor Hugo NapoléonIII
85%
A déjà accueilli une exposition universelle à Paris NapoléonIII
85%
A passé le plus de temps au pouvoir NapoléonIII
80%
A déjà emprisonné le pape Napoléon
73%
A été sacré empereur à Notre-Dame de Paris Napoléon
67%
Est devenu Empereur à la suite d'un coup d'État Les deux
65%
Aucun quiz correspondant
Distribution des résultats
% des personnes avec chaque résultat
Percentile par nombre de réponses
Votre historique - résultats
Vous n’avez pas pris ce quiz depuis la dernière actualisation